[Event "Hamm- Oberhausen"]
[Site "?"]
[Date "2023.05.14"]
[Round "9.5"]
[White "Stefaniak, Christian"]
[Black "Schmidt, Ingo"]
[Result "1-0"]
[WhiteElo "1909"]
[BlackElo "1988"]
[PlyCount "83"]
[SourceDate "2022.10.02"]

1. e4 e5 2. Nf3 Nf6 3. Nc3 Nc6 4. d4 exd4 5. Nxd4 Bb4 6. Nxc6 bxc6 7. Bd3 d5 8.
exd5 cxd5 9. O-O O-O 10. Bg5 c6 11. Qf3 Be7 12. h3 Be6 13. Rfe1 Rb8 14. b3 Bb4
15. Bd2 Qd7 16. a3 Be7 17. Bf4 Rbd8 18. Red1 d4 19. Ne4 Bd5 20. Nxf6+ Bxf6 21.
Qg3 Rfe8 22. Re1 Re6 23. Rxe6 Qxe6 24. f3 Re8 25. Kf1 Qd7 26. Re1 Re7 27. a4 g6
28. Rxe7 Qxe7 29. Qe1 Qd8 30. Qb4 h5 31. Qb8 Kh7 32. Qxd8 Bxd8 33. Be5 Bb6 34.
Bf6 a5 35. Be4 Bxe4 36. fxe4 Kg8 37. Ke2 Kf8 38. Kd3 Ke8 39. Bxd4 c5 40. Be3
Kd7 41. Kc4 Kd6 42. Kb5 1-0

[Event "Hamm- Oberhausen"]
[Site "?"]
[Date "2023.05.14"]
[Round "9.6"]
[White "Klaus, Michael"]
[Black "Kraus, Kilian"]
[Result "1-0"]
[WhiteElo "1939"]
[BlackElo "1763"]
[PlyCount "69"]
[SourceDate "2022.10.02"]

1. d4 d5 2. Nf3 Nf6 3. Bf4 c5 4. c3 Nc6 5. h3 Qb6 6. b3 Ne4 7. dxc5 Qxc5 8. Be3
Qa5 9. b4 Qd8 10. Nfd2 Bf5 11. Nxe4 Bxe4 12. Nd2 Bg6 13. Nb3 Rc8 14. Rc1 b6 15.
g3 e6 16. Bg2 Be7 17. O-O O-O 18. f4 Be4 19. Bxe4 dxe4 20. b5 Na5 21. Nxa5 bxa5
22. Qxd8 Rfxd8 23. Bxa7 Bc5+ 24. Bxc5 Rxc5 25. c4 Kf8 26. Rc2 Ke7 27. Kf2 f5
28. Ke3 Rdc8 29. Rfc1 h5 30. Kd4 Kd6 31. Rb1 R8c7 32. Rc3 Rc8 33. a4 R8c7 34.
b6 Rb7 35. Rb5 1-0

[Event "Hamm- Oberhausen"]
[Site "?"]
[Date "2023.05.14"]
[Round "9.7"]
[White "Akcapinar, Yavuz"]
[Black "Sporkert, Corina"]
[Result "1/2-1/2"]
[WhiteElo "1783"]
[BlackElo "1915"]
[PlyCount "29"]
[SourceDate "2022.10.02"]

1. e4 e5 2. Nf3 Nc6 3. Bc4 Bc5 4. O-O d6 5. h3 Nf6 6. d3 h6 7. c3 O-O 8. Bb3
Bb6 9. Nbd2 d5 10. Qe2 dxe4 11. dxe4 Qe7 12. Nh2 Be6 13. Bc2 Rad8 14. Re1 Qd7
15. Ndf1 1/2-1/2

[Event "Hamm- Oberhausen"]
[Site "?"]
[Date "2023.05.14"]
[Round "9.8"]
[White "Happel, Juergen"]
[Black "Seibert, Michael"]
[Result "1/2-1/2"]
[WhiteElo "1769"]
[BlackElo "1925"]
[PlyCount "47"]
[SourceDate "2022.10.02"]

1. e4 c5 2. Nf3 Nc6 3. d4 cxd4 4. Nxd4 Nf6 5. Nc3 g6 6. Bc4 Bg7 7. Be3 O-O 8.
O-O Nxe4 9. Bxf7+ Rxf7 10. Nxe4 Qa5 11. Nxc6 bxc6 12. Bd4 d6 13. Bxg7 Kxg7 14.
Qd4+ Kg8 15. Qc3 Qb6 16. Rad1 Rb8 17. b3 Ba6 18. Rfe1 Rbf8 19. Rd2 e5 20. Qe3
d5 21. Qxb6 axb6 22. Ng5 Rf5 23. Ne6 R8f6 24. g4 1/2-1/2

[Event "Eichlinghofen- Horst Emscher 2"]
[Site "?"]
[Date "2023.05.14"]
[Round "9.1"]
[White "Doenges, Dirk"]
[Black "Watzlawek, Markus"]
[Result "1/2-1/2"]
[WhiteElo "1850"]
[BlackElo "2015"]
[PlyCount "133"]
[SourceDate "2022.10.02"]

1. e4 c5 2. Nf3 d6 3. d4 cxd4 4. Nxd4 Nf6 5. Nc3 a6 6. Be2 e6 7. O-O Qc7 8. a4
b6 9. f4 Bb7 10. Bf3 Be7 11. Kh1 O-O 12. Be3 Nbd7 13. Qe2 Rfe8 14. Rae1 Bf8 15.
Qf2 g6 16. Qh4 Bg7 17. e5 Nd5 18. exd6 Qxd6 19. Ne4 Qc7 20. c3 Nxe3 21. Rxe3 h6
22. Rd1 e5 23. fxe5 Rxe5 24. Ree1 Rae8 25. Nd2 Nc5 26. Rxe5 Rxe5 27. Nc4 Bxf3
28. Nxf3 Re8 29. Re1 Rxe1+ 30. Qxe1 Kh7 31. a5 bxa5 32. Qe2 a4 33. h3 Qf4 34.
Ncd2 Qd6 35. Qc4 Kg8 36. Ne4 Nxe4 37. Qxe4 a3 38. bxa3 Bxc3 39. a4 Kg7 40. Qc4
Bf6 41. Kg1 Qb6+ 42. Kh2 Bd8 43. Qc2 Qc7+ 44. Qxc7 Bxc7+ 45. Kg1 Kf6 46. Kf2
Kf5 47. Ke3 Bb6+ 48. Ke2 Ke4 49. Kd2 f5 50. Ke2 g5 51. Nd2+ Kd4 52. Nf3+ Kc3
53. Ne5 h5 54. Nf7 g4 55. hxg4 fxg4 56. Nd6 Kb4 57. Ne4 h4 58. Nf6 h3 59. gxh3
gxh3 60. Kf3 Bd4 61. Nd7 Kxa4 62. Nb8 Be5 63. Nxa6 Kb5 64. Kf2 Bh2 65. Nc7+
Bxc7 66. Kg1 Kc4 67. Kh1 1/2-1/2

[Event "Eichlinghofen- Horst Emscher 2"]
[Site "?"]
[Date "2023.05.14"]
[Round "9.2"]
[White "Brockmann, Michael"]
[Black "Schorra, Helmut"]
[Result "1-0"]
[WhiteElo "2045"]
[BlackElo "1992"]
[PlyCount "167"]
[SourceDate "2022.10.02"]

1. d4 d5 2. c4 dxc4 3. Nf3 Nf6 4. Nc3 a6 5. a4 e6 6. e4 Bb4 7. Qc2 c5 8. dxc5
Nbd7 9. Bxc4 Qc7 10. O-O Bxc5 11. Qe2 e5 12. Bg5 O-O 13. Rac1 h6 14. Bh4 Qb8
15. Rfd1 b6 16. Rd3 Ra7 17. Rcd1 Nh5 18. Nd5 Nf4 19. Nxf4 exf4 20. e5 g5 21.
Qe4 Kg7 22. Bxg5 hxg5 23. Nxg5 Nxe5 24. Qh7+ Kf6 25. Ne4+ Ke7 26. Qh4+ f6 27.
Qh7+ Rf7 28. Bxf7 Nxf7 29. Re1 Qe5 30. Kf1 Bf5 31. Qh5 Bxe4 32. Qxe5+ fxe5 33.
Rxe4 Ke6 34. g3 Kf5 35. Rc4 e4 36. Rd5+ Ke6 37. Rdxc5 bxc5 38. Rxe4+ Kd5 39.
Rxf4 Ne5 40. h4 c4 41. Rf8 Nd3 42. Rd8+ Kc5 43. b3 cxb3 44. Rxd3 Kc4 45. Rd1
Kc3 46. h5 Kc2 47. Re1 Rd7 48. g4 Rd1 49. Rxd1 Kxd1 50. h6 b2 51. h7 b1=Q 52.
h8=Q Qd3+ 53. Kg1 Qb1 54. Qe5 Kd2+ 55. Kg2 Qb4 56. Qd5+ Ke1 57. Qe6+ Kd2 58.
Qd7+ Ke1 59. Qe8+ Kd1 60. f3 Qd2+ 61. Kg3 Qd6+ 62. f4 Qd3+ 63. Kh4 Qh7+ 64. Kg5
Qg7+ 65. Qg6 Qe7+ 66. Qf6 Qc5+ 67. f5 Ke2 68. Qxa6+ Kf3 69. Qd3+ Kg2 70. Qe4+
Kg3 71. Kg6 Qf8 72. f6 Qg8+ 73. Kh5 Qh8+ 74. Kg5 Qd8 75. Qe3+ Kh2 76. Qe7 Qd2+
77. Kh5 Qd3 78. g5 Kh3 79. Qe6+ Kg3 80. Kh6 Kh4 81. f7 Qd8 82. Qf6 Qf8+ 83. Kh7
Kh5 84. Qh6+ 1-0

[Event "Eichlinghofen- Horst Emscher 2"]
[Site "?"]
[Date "2023.05.14"]
[Round "9.3"]
[White "Wilbert, Siegfried"]
[Black "Schuette, Tobias"]
[Result "1/2-1/2"]
[WhiteElo "1834"]
[BlackElo "1988"]
[PlyCount "36"]
[SourceDate "2022.10.02"]

1. Nf3 f5 2. d4 Nf6 3. c4 g6 4. Nc3 Bg7 5. g3 d6 6. Bg2 O-O 7. O-O Na6 8. b3 c5
9. Bb2 cxd4 10. Nxd4 Nc5 11. Qc2 Rb8 12. Rad1 a6 13. b4 Ne6 14. Nd5 Nxd4 15.
Bxd4 Be6 16. Bxf6 Bxf6 17. Nxf6+ Rxf6 18. e4 Qc7 1/2-1/2

[Event "Eichlinghofen- Horst Emscher 2"]
[Site "?"]
[Date "2023.05.14"]
[Round "9.4"]
[White "Dreier, Daniel"]
[Black "Verfuerth, Christian"]
[Result "1-0"]
[WhiteElo "1930"]
[BlackElo "1851"]
[PlyCount "69"]
[SourceDate "2022.10.02"]

1. e4 e6 2. f4 d5 3. Nc3 d4 4. Nce2 c5 5. Nf3 Nc6 6. Ng3 g6 7. Bb5 f5 8. Qe2
Nge7 9. exf5 exf5 10. Qe5 Rg8 11. Qxc5 Bd7 12. O-O Qb6 13. Qxb6 axb6 14. Bc4
Rg7 15. b3 O-O-O 16. Bb2 Ng8 17. Ne2 Bc5 18. Kh1 Be8 19. Ng5 Re7 20. a3 d3 21.
Nc3 dxc2 22. Bxg8 Rxd2 23. Nf3 Rd8 24. Rac1 Be3 25. Rxc2 Bxf4 26. Nd5 Re4 27.
Nxf4 Rxf4 28. b4 g5 29. g3 Re4 30. Nxg5 Rg4 31. Be6+ Kb8 32. Nf3 Bg6 33. Ne5
Nxe5 34. Bxe5+ Ka7 35. Bf4 1-0

[Event "Eichlinghofen- Horst Emscher 2"]
[Site "?"]
[Date "2023.05.14"]
[Round "9.5"]
[White "Tobczewski, Peter"]
[Black "Richter, Jan"]
[Result "0-1"]
[WhiteElo "1831"]
[BlackElo "1919"]
[PlyCount "46"]
[SourceDate "2022.10.02"]

1. e4 c5 2. Nf3 d6 3. d4 cxd4 4. Nxd4 Nf6 5. Bc4 g6 6. Nc3 Bg7 7. O-O O-O 8. h3
a6 9. Be3 b5 10. Bd3 Bb7 11. Qd2 Re8 12. a3 Nbd7 13. Bh6 Bh8 14. Qe3 Rc8 15.
Rac1 Ne5 16. Nce2 d5 17. f3 dxe4 18. fxe4 Nfg4 19. hxg4 Nxg4 20. Qf4 Bxd4+ 21.
Nxd4 Qxd4+ 22. Kh1 Nxh6 23. Qxh6 Rc5 0-1

[Event "Eichlinghofen- Horst Emscher 2"]
[Site "?"]
[Date "2023.05.14"]
[Round "9.6"]
[White "Wloka, Sebastian"]
[Black "Schreiner, Paulo"]
[Result "1-0"]
[WhiteElo "1913"]
[BlackElo "1786"]
[PlyCount "85"]
[SourceDate "2022.10.02"]

1. d4 d5 2. c4 e6 3. Nc3 Nf6 4. cxd5 exd5 5. Bg5 Be7 6. e3 c6 7. Bd3 h6 8. Bh4
O-O 9. Qc2 Be6 10. Nge2 Nbd7 11. O-O Ne8 12. Bg3 Bd6 13. f3 Bxg3 14. Nxg3 c5
15. Nce2 c4 16. Bf5 Nd6 17. Bxe6 fxe6 18. Nf4 Qg5 19. Rae1 Rae8 20. Qa4 Rf7 21.
Qxa7 Ree7 22. Qa3 Nf5 23. Nxf5 Qxf5 24. Qc3 g5 25. Ne2 Rg7 26. e4 Qg6 27. e5
Nb8 28. Rf2 Ref7 29. Ref1 Nc6 30. a4 b6 31. g3 Qd3 32. f4 Qxc3 33. bxc3 Ra7 34.
fxg5 hxg5 35. Rf8+ Kh7 36. R1f6 Rge7 37. Rc8 Na5 38. Rff8 Nb3 39. h4 gxh4 40.
Rh8+ Kg7 41. Nf4 hxg3 42. Rcg8+ Kf7 43. Nh5 1-0

[Event "Eichlinghofen- Horst Emscher 2"]
[Site "?"]
[Date "2023.05.14"]
[Round "9.7"]
[White "Konietzka, Bernd"]
[Black "Dekhtyaryuk, Dimitri"]
[Result "1-0"]
[WhiteElo "1892"]
[BlackElo "1813"]
[PlyCount "69"]
[SourceDate "2022.10.02"]

1. e4 d5 2. exd5 Nf6 3. d4 Bg4 4. Nf3 Nxd5 5. Be2 e6 6. O-O Bd6 7. c4 Nf6 8.
Nc3 O-O 9. Qb3 b6 10. Be3 Nbd7 11. Rfd1 Rb8 12. h3 Bh5 13. Qc2 Bg6 14. Bd3 Bxd3
15. Rxd3 c6 16. Ne5 Qc7 17. f4 Rbd8 18. Qa4 Rc8 19. Rad1 Rfd8 20. b4 a6 21. c5
Bxe5 22. dxe5 b5 23. Qc2 Nd5 24. Nxd5 exd5 25. Bd4 Nf8 26. f5 Nd7 27. Qc3 Re8
28. Re1 f6 29. e6 Nf8 30. Rg3 g6 31. Bxf6 Qf4 32. fxg6 Nxg6 33. e7 Qc4 34. Qe3
Qxb4 35. Qe6# 1-0

[Event "Eichlinghofen- Horst Emscher 2"]
[Site "?"]
[Date "2023.05.14"]
[Round "9.8"]
[White "Grewe, Markus"]
[Black "Rydzewski, Klaus"]
[Result "0-1"]
[WhiteElo "1770"]
[BlackElo "1910"]
[PlyCount "46"]
[SourceDate "2022.10.02"]

1. e4 e6 2. d4 d5 3. exd5 exd5 4. Nf3 Bd6 5. c4 c6 6. Nc3 Nf6 7. c5 Bc7 8. Bd3
O-O 9. Bg5 Re8+ 10. Kd2 Bg4 11. h3 Bh5 12. g4 Bg6 13. Re1 Nbd7 14. Qc2 b6 15.
Rxe8+ Qxe8 16. Re1 Qb8 17. Be3 bxc5 18. dxc5 Bf4 19. Bxg6 hxg6 20. Nd4 Nxc5 21.
Nxc6 Bxe3+ 22. Rxe3 Qf4 23. Nd1 d4 0-1

[Event "Unser Fritz- Bottrop"]
[Site "?"]
[Date "2023.05.14"]
[Round "9.1"]
[White "Stadtmann, Jens"]
[Black "Distelrath, Oliver"]
[Result "1-0"]
[WhiteElo "2186"]
[BlackElo "1837"]
[PlyCount "79"]
[SourceDate "2022.10.02"]

1. c4 e5 2. Nc3 Nc6 3. g3 f5 4. Bg2 Nf6 5. a3 Be7 6. e3 O-O 7. d4 Qe8 8. Nge2
d6 9. b4 Qh5 10. O-O Kh8 11. Bb2 e4 12. Nf4 Qh6 13. b5 Nb8 14. Qd2 g5 15. Nfd5
Bd8 16. Nxf6 Bxf6 17. g4 f4 18. exf4 gxf4 19. Nxe4 Bg7 20. f3 Nd7 21. h3 Nb6
22. Rac1 d5 23. cxd5 Nxd5 24. Rfe1 b6 25. Nc3 Ne3 26. Na2 Qh4 27. d5 Bb7 28.
Bxg7+ Kxg7 29. Rxc7+ Rf7 30. Rec1 Bxd5 31. Nb4 Be6 32. Qd4+ Kg8 33. Rxf7 Bxf7
34. Qxf4 Nxg2 35. Kxg2 Re8 36. Rc2 Qe1 37. Qd2 Qh4 38. Nc6 Re6 39. Qd8+ Qxd8
40. Nxd8 1-0

[Event "Unser Fritz- Bottrop"]
[Site "?"]
[Date "2023.05.14"]
[Round "9.2"]
[White "Jungbluth, Michael"]
[Black "Boehm, Joachim"]
[Result "0-1"]
[WhiteElo "2036"]
[BlackElo "2231"]
[PlyCount "74"]
[SourceDate "2022.10.02"]

1. d4 d5 2. c4 e6 3. Nf3 Nf6 4. g3 c6 5. Bg2 Be7 6. O-O O-O 7. Qc2 b6 8. Ne5
Bb7 9. Nd2 Na6 10. e4 Rc8 11. exd5 cxd5 12. b3 Nb4 13. Qb1 Nc6 14. Nxc6 Bxc6
15. Bb2 dxc4 16. Bxc6 Rxc6 17. bxc4 Rc7 18. Qd3 Qc8 19. Rfc1 Qa6 20. Rc2 Rfc8
21. a4 Ne8 22. Qb3 Nd6 23. Rac1 Nb7 24. Qb5 Qxb5 25. axb5 Kf8 26. Kf1 Nd6 27.
Rc3 Ke8 28. Ke2 Bf6 29. Kd3 Rd7 30. Nf3 Nf5 31. Ra3 Rcc7 32. g4 Nxd4 33. Bxd4
Bxd4 34. Nxd4 e5 35. Ke4 Rxd4+ 36. Kxe5 Rxg4 37. Rca1 Rc5+ 0-1

[Event "Unser Fritz- Bottrop"]
[Site "?"]
[Date "2023.05.14"]
[Round "9.3"]
[White "Ruhmann, Gabriel"]
[Black "Mueller, Martin"]
[Result "0-1"]
[WhiteElo "1744"]
[BlackElo "2066"]
[PlyCount "80"]
[SourceDate "2022.10.02"]

1. Nf3 d6 2. d4 f5 3. g3 g6 4. Bg2 Bg7 5. c4 Nf6 6. Nc3 O-O 7. O-O Qe8 8. Re1
Qf7 9. b3 Ne4 10. Bb2 Nc6 11. Qd3 e5 12. dxe5 Nxe5 13. Nxe5 Bxe5 14. f4 Bg7 15.
Bxe4 fxe4 16. Qxe4 c6 17. Qd3 d5 18. cxd5 cxd5 19. Rad1 Rd8 20. e4 Bg4 21. Rd2
d4 22. Nd5 Be6 23. Nb4 Rd7 24. Nc2 Rad8 25. Kg2 Rd6 26. Ba1 Qd7 27. Rc1 Bh3+
28. Kg1 Rc6 29. Rdd1 Qc7 30. Bb2 Qb6 31. Ne1 Bg4 32. Rxc6 bxc6 33. Rc1 Be2 34.
Qxe2 d3+ 35. Qf2 d2 36. Qxb6 axb6 37. Nf3 dxc1=Q+ 38. Bxc1 Rd1+ 39. Kf2 Rxc1
40. Ne5 Bxe5 0-1

[Event "Unser Fritz- Bottrop"]
[Site "?"]
[Date "2023.05.14"]
[Round "9.4"]
[White "Rostek, Joerg"]
[Black "Masberg, Stefan"]
[Result "1/2-1/2"]
[WhiteElo "1825"]
[BlackElo "1897"]
[PlyCount "43"]
[SourceDate "2022.10.02"]

1. Nf3 Nf6 2. g3 g6 3. Bg2 Bg7 4. O-O O-O 5. c4 c5 6. Nc3 d5 7. cxd5 Nxd5 8. d4
Nc6 9. e3 cxd4 10. Nxd5 Qxd5 11. Nxd4 Qc5 12. Nxc6 bxc6 13. Rb1 Rb8 14. b4 Qc4
15. Qa4 Be6 16. Rb3 c5 17. Qxa7 cxb4 18. Bb2 Qe2 19. Bxg7 Kxg7 20. Qd4+ Kg8 21.
Rb2 Qc4 22. Qxc4 1/2-1/2

[Event "Unser Fritz- Bottrop"]
[Site "?"]
[Date "2023.05.14"]
[Round "9.5"]
[White "Nowacki, Marcus"]
[Black "Tober, Julian"]
[Result "1/2-1/2"]
[WhiteElo "1803"]
[BlackElo "1789"]
[Annotator "daniel"]
[PlyCount "83"]
[SourceDate "2022.10.02"]

1. Nf3 c5 2. b3 d5 3. e4 dxe4 4. Ne5 Qd4 5. Bb2 Qxb2 6. Nc3 Be6 7. a4 Nd7 8.
Bb5 O-O-O 9. Bxd7+ Bxd7 10. Ra2 Qxa2 11. Nxa2 Nh6 12. Nc3 f5 13. Qe2 e6 14. O-O
Bd6 15. Nc4 Nf7 16. Nxd6+ Nxd6 17. Qe3 b6 18. a5 Bc6 19. axb6 axb6 20. d3 Kb7
21. Rb1 exd3 22. cxd3 Rhe8 23. b4 cxb4 24. Rxb4 Nc8 25. f4 Re7 26. Nd1 Kc7 27.
Nb2 Kd7 28. Nc4 Ke8 29. Qh3 g6 30. Qe3 Bd5 $11 31. Nxb6 Nxb6 32. Rxb6 Kf7 33.
Qd4 Ra8 34. Rb2 Rea7 35. h4 h5 36. Kh2 Ra2 37. Rxa2 Rxa2 38. Qh8 Rxg2+ 39. Kh3
Rg4 40. Qe5 Bg2+ 41. Kh2 Bd5 42. Qc7+ 1/2-1/2

[Event "Unser Fritz- Bottrop"]
[Site "?"]
[Date "2023.05.14"]
[Round "9.7"]
[White "Jaeger, Heinz"]
[Black "Prang, Andreas"]
[Result "1/2-1/2"]
[WhiteElo "1966"]
[BlackElo "1806"]
[Annotator "daniel"]
[PlyCount "78"]
[SourceDate "2022.10.02"]

1. d4 Nf6 2. Nf3 c5 3. e3 g6 4. c3 Qc7 5. Bd3 Bg7 6. O-O O-O 7. Nbd2 b6 8. Qe2
Bb7 9. b3 d6 10. Bb2 Nbd7 11. c4 e6 12. Rad1 Rad8 13. Ng5 Rfe8 14. f3 Nb8 15.
Qf2 Nc6 16. Rfe1 Nh5 17. Nh3 Qe7 18. Bb1 d5 19. cxd5 $11 exd5 20. Ba3 a5 21.
dxc5 bxc5 22. Nf1 Nb4 23. Bb2 Be5 24. Bxe5 Qxe5 25. Nf4 Nxf4 26. exf4 Qd6 27.
Rxe8+ Rxe8 28. f5 Qe7 29. fxg6 hxg6 30. Rc1 d4 31. Nd2 Ba6 32. Ne4 Bd3 33. a3
Bxb1 34. Rxb1 f5 35. axb4 fxe4 36. fxe4 axb4 37. Re1 Rf8 38. Qg3 Kg7 39. h3 Rf7
1/2-1/2

[Event "Unser Fritz- Bottrop"]
[Site "?"]
[Date "2023.05.14"]
[Round "9.8"]
[White "Goeßling, Juergen"]
[Black "Tochtrop, Lothar"]
[Result "1-0"]
[WhiteElo "1736"]
[BlackElo "1998"]
[PlyCount "87"]
[SourceDate "2022.10.02"]

1. e4 c5 2. Nf3 e6 3. d4 cxd4 4. c3 dxc3 5. Nxc3 a6 6. Bf4 Nc6 7. Rc1 Bb4 8.
Bd3 Nge7 9. O-O O-O 10. a3 Ba5 11. Qe2 Ng6 12. Bg5 f6 13. Be3 Bc7 14. Rfd1 Nf4
15. Qc2 Nxd3 16. Rxd3 Ne5 17. Nxe5 Bxe5 18. Ne2 f5 19. exf5 Rxf5 20. f4 Bf6 21.
Ng3 Rb5 22. b4 d5 23. Bc5 Be7 24. Ne4 Bd7 25. Qd2 Bxc5+ 26. Nxc5 Rb6 27. f5 Rc8
28. Re1 Bb5 29. Rd4 exf5 30. Rxd5 Qf6 31. Qf4 g6 32. g4 Rbc6 33. a4 Bxa4 34.
Nxa4 Rc4 35. Re8+ Rxe8 36. Qxc4 Re1+ 37. Kg2 Qc6 38. Qxc6 bxc6 39. Rd4 fxg4 40.
Rxg4 Rb1 41. Nc5 a5 42. bxa5 Rb5 43. a6 Rxc5 44. Ra4 1-0

[Event "Gladbeck- Annen"]
[Site "?"]
[Date "2023.05.14"]
[Round "9.1"]
[White "Al Ali Mohammad"]
[Black "Hassenrueck, Helmut"]
[Result "0-1"]
[WhiteElo "1853"]
[BlackElo "2116"]
[PlyCount "60"]
[SourceDate "2022.10.02"]

1. Nf3 Nf6 2. c4 e6 3. Nc3 b6 4. d4 Bb4 5. Bg5 h6 6. Bxf6 Qxf6 7. Rc1 Bb7 8. a3
Bxc3+ 9. bxc3 O-O 10. Qc2 Qe7 11. Ra1 d6 12. e4 e5 13. dxe5 dxe5 14. Be2 Nd7
15. O-O Nc5 16. Nd2 Rad8 17. f3 Qg5 18. Nb3 Qe3+ 19. Rf2 Nxb3 20. Qxb3 Rd2 21.
Kf1 Rfd8 22. a4 R8d3 23. Qb5 Rxc3 24. Qe8+ Kh7 25. Qxf7 Qc5 26. Qf5+ Kh8 27.
Rd1 Rxd1+ 28. Bxd1 Qxc4+ 29. Ke1 Qc5 30. Qf7 Ba6 0-1

[Event "Gladbeck- Annen"]
[Site "?"]
[Date "2023.05.14"]
[Round "9.2"]
[White "Frohne, Gerd"]
[Black "Herrmann, Uwe"]
[Result "1-0"]
[WhiteElo "2011"]
[BlackElo "1873"]
[PlyCount "61"]
[SourceDate "2022.10.02"]

1. d4 Nf6 2. c4 g6 3. Nc3 Bg7 4. e4 d6 5. f3 O-O 6. Be3 Nc6 7. Nge2 a6 8. Qd2
Re8 9. Rc1 Bd7 10. g3 Qb8 11. Bg2 b5 12. b3 bxc4 13. bxc4 e5 14. d5 Ne7 15. O-O
Qc8 16. Nd1 Bh3 17. c5 Bxg2 18. Kxg2 dxc5 19. Rxc5 Qd7 20. Nf2 Rec8 21. Rfc1
Ne8 22. Qc2 f5 23. Bg5 fxe4 24. fxe4 Kh8 25. Ng1 Ra7 26. Be3 Rb7 27. Rc6 Ra8
28. Nf3 Rb5 29. a4 Rb4 30. Bc5 Rbb8 31. Re6 1-0

[Event "Gladbeck- Annen"]
[Site "?"]
[Date "2023.05.14"]
[Round "9.3"]
[White "Daemmrich, Lars"]
[Black "Berg, Dietmar"]
[Result "1/2-1/2"]
[WhiteElo "1958"]
[BlackElo "1943"]
[PlyCount "75"]
[SourceDate "2022.10.02"]

1. e4 c5 2. Nf3 d6 3. d4 cxd4 4. Nxd4 Nf6 5. Nc3 a6 6. Be2 e5 7. Nb3 Be7 8. Be3
Be6 9. Nd5 Nxd5 10. exd5 Bf5 11. O-O O-O 12. Qd2 Nd7 13. Rac1 Rc8 14. c4 b6 15.
f3 Nc5 16. Nxc5 bxc5 17. b4 cxb4 18. Qxb4 Rb8 19. Qa3 Bg5 20. Bxg5 Qxg5 21.
Rfd1 Rfd8 22. Bf1 h5 23. c5 dxc5 24. Rxc5 Rb6 25. Ra5 Bc2 26. Rc1 Bb1 27. Rxa6
Rxa6 28. Bxa6 Bxa2 29. d6 Qd2 30. Bd3 Be6 31. h3 g6 32. Rc6 Bd5 33. Ra6 Qe1+
34. Kh2 h4 35. Bb5 Qg3+ 36. Kg1 Qe1+ 37. Kh2 Qg3+ 38. Kg1 1/2-1/2

[Event "Gladbeck- Annen"]
[Site "?"]
[Date "2023.05.14"]
[Round "9.4"]
[White "Kruse, Peter"]
[Black "Hartung, Thomas"]
[Result "0-1"]
[WhiteElo "1905"]
[BlackElo "1852"]
[PlyCount "72"]
[SourceDate "2022.10.02"]

1. e4 e5 2. Nf3 Nc6 3. Bb5 a6 4. Ba4 Nf6 5. O-O Nxe4 6. d4 b5 7. Bb3 d5 8. dxe5
Be6 9. c3 Bc5 10. Nbd2 O-O 11. Qe2 Bf5 12. Nxe4 dxe4 13. Ng5 Nxe5 14. Nxe4 Bg4
15. Qc2 Bb6 16. Ng3 c5 17. Qe4 Re8 18. Kh1 Qh4 19. Nf5 Qh5 20. Ng3 Qh4 21. Nf5
Qf6 22. Bc2 Bxf5 23. Qxf5 Qxf5 24. Bxf5 c4 25. a4 Rad8 26. axb5 axb5 27. Bg5 f6
28. Bh4 Rd2 29. Ra6 Bc5 30. Be6+ Kf8 31. f4 Nd3 32. b3 Rxe6 33. Rxe6 cxb3 34.
Rc6 b2 35. Rc8+ Ke7 36. Rb8 Rc2 0-1

[Event "Gladbeck- Annen"]
[Site "?"]
[Date "2023.05.14"]
[Round "9.5"]
[White "Stergar, Lothar"]
[Black "Rickert, Stefan"]
[Result "0-1"]
[WhiteElo "1658"]
[BlackElo "1909"]
[PlyCount "56"]
[SourceDate "2022.10.02"]

1. e4 c5 2. Nf3 d6 3. d4 cxd4 4. Nxd4 Nc6 5. Be3 Nf6 6. Nc3 Ng4 7. Nxc6 bxc6 8.
Qd2 Nxe3 9. Qxe3 g6 10. Be2 Bg7 11. O-O Qa5 12. f4 O-O 13. a3 Rb8 14. b4 Qb6
15. Qxb6 axb6 16. e5 dxe5 17. Rad1 exf4 18. Ne4 Be5 19. Ng5 Bf5 20. Nf3 Bd6 21.
Nd4 Be4 22. Bf3 Bxf3 23. Rxf3 Rbc8 24. c4 Rfd8 25. Rfd3 c5 26. Nb5 cxb4 27.
Nxd6 Rxd6 28. Rxd6 exd6 0-1

[Event "Gladbeck- Annen"]
[Site "?"]
[Date "2023.05.14"]
[Round "9.6"]
[White "Huttny, Georg"]
[Black "Koehler, Frank"]
[Result "1-0"]
[WhiteElo "1828"]
[BlackElo "1797"]
[PlyCount "81"]
[SourceDate "2022.10.02"]

1. c4 c5 2. g3 g6 3. Bg2 Bg7 4. Nc3 Nc6 5. e4 d6 6. Nge2 Nf6 7. O-O O-O 8. h3
Bd7 9. d3 a6 10. Rb1 Rb8 11. a3 b5 12. cxb5 axb5 13. b4 Nd4 14. f4 Ne8 15. bxc5
dxc5 16. e5 f5 17. Nxd4 cxd4 18. Qb3+ Kh8 19. Ne2 g5 20. Nxd4 Nc7 21. Be3 gxf4
22. Bxf4 e6 23. Rfc1 b4 24. axb4 Ba4 25. Nxe6 Nxe6 26. Qxe6 Qxd3 27. Qc4 Rfd8
28. Qxd3 Rxd3 29. Bf1 Rd4 30. b5 Rd5 31. Rb4 Bd1 32. Bc4 Rd4 33. Rbb1 Bf3 34.
Be6 Be4 35. Rb3 Bd5 36. Bxd5 Rxd5 37. b6 Bxe5 38. Bxe5+ Rxe5 39. b7 Kg7 40. Rc8
Re8 41. Rxe8 1-0

[Event "Gladbeck- Annen"]
[Site "?"]
[Date "2023.05.14"]
[Round "9.7"]
[White "Richter, Bernd"]
[Black "Busch, Udo"]
[Result "1-0"]
[WhiteElo "1641"]
[BlackElo "1758"]
[PlyCount "43"]
[SourceDate "2022.10.02"]

1. e4 e6 2. d4 d5 3. Nc3 Nf6 4. e5 Nfd7 5. Be3 c5 6. Nf3 cxd4 7. Bxd4 Nc6 8.
Ne2 Qc7 9. c3 Ndxe5 10. Ng3 Nxf3+ 11. Qxf3 Nxd4 12. cxd4 Qc2 13. Bb5+ Kd8 14.
O-O Qg6 15. Rac1 Bd6 16. Rc2 Bd7 17. Bxd7 Kxd7 18. Qb3 b6 19. Rfc1 Rhd8 20. Rc6
Ke7 21. Qe3 Qh6 22. Nf5+ 1-0

[Event "Gladbeck- Annen"]
[Site "?"]
[Date "2023.05.14"]
[Round "9.8"]
[White "Wendt, Peter"]
[Black "Leckebusch, Hans Peter"]
[Result "1/2-1/2"]
[WhiteElo "1739"]
[BlackElo "1664"]
[PlyCount "29"]
[SourceDate "2022.10.02"]

1. e4 e6 2. d4 d5 3. exd5 exd5 4. Nf3 Bf5 5. Bd3 Bxd3 6. Qxd3 Bd6 7. O-O Ne7 8.
Re1 h6 9. Nc3 c6 10. Ne2 O-O 11. Bf4 Ng6 12. Bxd6 Qxd6 13. Ng3 Nd7 14. c3 Rfe8
15. Qd2 1/2-1/2

[Event "Hansa 2- Ahlen"]
[Site "?"]
[Date "2023.05.14"]
[Round "9.1"]
[White "Steinle, Carsten"]
[Black "Zelt, Jens"]
[Result "1/2-1/2"]
[WhiteElo "2044"]
[BlackElo "2043"]
[PlyCount "127"]
[SourceDate "2022.10.02"]

1. Nf3 d6 2. d4 c6 3. g3 Nd7 4. Bg2 e5 5. e4 Qc7 6. O-O Ngf6 7. Qe2 Be7 8. c4
O-O 9. Nc3 Re8 10. h3 Bf8 11. Be3 b6 12. Rac1 Bb7 13. Rfd1 Rad8 14. d5 c5 15.
Rf1 g6 16. Rce1 Bg7 17. Qd2 a6 18. Bh6 Bh8 19. Ng5 Bg7 20. Bxg7 Kxg7 21. f4 h6
22. Nf3 exf4 23. gxf4 Qb8 24. a4 Bc8 25. Qf2 Ng8 26. Qg3 Nf8 27. e5 Bf5 28. Re3
Re7 29. Nh4 Kh7 30. Rfe1 Rde8 31. Kh2 Qc7 32. Bf1 Kh8 33. Bg2 Kh7 34. Ne4 Bxe4
35. Rxe4 Qd7 36. Qb3 Qc7 37. Qc3 Qd7 38. Bf3 Qxa4 39. exd6 Rxe4 40. Rxe4 Rxe4
41. Bxe4 Qd7 42. Qe5 Qd8 43. Kg3 Nd7 44. Bxg6+ fxg6 45. Qe6 Nf8 46. Qf7+ Kh8
47. d7 g5 48. Nf5 gxf4+ 49. Kf3 Qxd7 50. Qxf8 b5 51. Kxf4 bxc4 52. Qxc5 Kh7 53.
Qc6 Qa7 54. Ke5 Qb8+ 55. d6 Qxb2+ 56. Kf4 Qh2+ 57. Ng3 Qd2+ 58. Kf3 Qd1+ 59.
Kf2 Qd4+ 60. Kg2 Qd2+ 61. Kf3 Qd1+ 62. Kf2 Qd4+ 63. Kg2 Qd2+ 64. Kf3 1/2-1/2

[Event "Hansa 2- Ahlen"]
[Site "?"]
[Date "2023.05.14"]
[Round "9.2"]
[White "David, Adalbert"]
[Black "Torres- Kuckel, Rafael"]
[Result "1-0"]
[WhiteElo "1946"]
[BlackElo "2113"]
[PlyCount "73"]
[SourceDate "2022.10.02"]

1. d4 Nf6 2. c4 e6 3. Nc3 d5 4. cxd5 exd5 5. Bf4 c6 6. Qc2 Be7 7. e3 Nbd7 8.
Bd3 Nf8 9. Nge2 Ng6 10. Bg3 Nh5 11. O-O O-O 12. Rab1 a5 13. a3 Be6 14. b4 axb4
15. axb4 Re8 16. b5 Nxg3 17. hxg3 c5 18. dxc5 Bxc5 19. Na4 Bd6 20. Nd4 Qa5 21.
Ra1 Rec8 22. Qb2 Ne5 23. Nf5 Bxf5 24. Bxf5 Nc4 25. Qd4 Rd8 26. Nc3 Qxa1 27.
Rxa1 Rxa1+ 28. Kh2 Raa8 29. Nxd5 Ne5 30. f4 Ng6 31. e4 Ne7 32. Nxe7+ Bxe7 33.
Qb6 Rab8 34. e5 Bb4 35. Be4 Kf8 36. Bxh7 g6 37. Qf6 1-0